La segunda guerra mundial

Kaydedildi:
Detaylı Bibliyografya
Yazar: Churchill, Winston S (Yazar)
Materyal Türü: Kitap
Dil:İspanyolca
Baskı/Yayın Bilgisi: Buenos Aires Peuser 1958
Edisyon:9a. ed
Konular:
Etiketler: Etiketle
Etiket eklenmemiş, İlk siz ekleyin!

MARC

LEADER 00000nam a2200000 a 4500
001 UCW9601
003 CL-VaPUC
008 890523e19580000AG |||||||||||||||||spa|d
082 0 4 |a 940.54  |b CHU  |2 21 
100 0 |a Churchill, Winston S  |e author  |9 314907 
245 1 3 |a La segunda guerra mundial 
250 |a 9a. ed 
300 |a 6 v 
942 |c BK 
945 |d 19890523 00:00:00 
260 |a Buenos Aires  |b Peuser  |c 1958 
500 |a v.1: Se cierne la tormenta 
500 |a v.2: Su hora más gloriosa 
500 |a v.3: La gran Alianza 
500 |a v.4: El vuelvo del destino 
500 |a v.5: El cerco de cierra 
500 |a v.6: Triunfo y tragedia 
650 7 |a GUERRA MUNDIAL II 1939-1945  |2 CL-VaPUC  |9 267781 
583 |a last modification  |c 19890523 00:00:00  |k Rodrigo Vera 
999 |c 221519  |d 221517 
952 |0 0  |1 0  |4 0  |6 940_540000000000000_CHU_1958  |7 0  |8 A  |9 214944  |a BIBHIS  |b BIBHIS  |d 2019-11-15  |h v.2  |i 2835177  |o 940.54 CHU 1958  |p 2835177  |r 2025-01-20  |w 2019-11-15  |y BK  |k HIS 
952 |0 0  |1 0  |4 0  |6 940_540000000000000_CHU_1958  |7 0  |8 A  |9 214945  |a BIBHIS  |b BIBHIS  |d 2019-11-15  |h v.3  |i 2835185  |o 940.54 CHU 1958  |p 2835185  |r 2025-01-20  |w 2019-11-15  |y BK  |k HIS 
952 |0 0  |1 0  |4 0  |6 940_540000000000000_CHU_1958  |7 0  |8 A  |9 214946  |a BIBHIS  |b BIBHIS  |d 2019-11-15  |h v.3  |i 312424K  |o 940.54 CHU 1958  |p 312424K  |r 2025-01-20  |w 2019-11-15  |y BK  |k HIS 
952 |0 0  |1 0  |4 0  |6 940_540000000000000_CHU_1958  |7 0  |8 A  |9 214947  |a BIBHIS  |b BIBHIS  |d 2019-11-15  |h v.2  |i 3124231  |o 940.54 CHU 1958  |p 3124231  |r 2025-01-20  |w 2019-11-15  |y BK  |k HIS 
952 |0 0  |1 0  |4 0  |6 940_540000000000000_CHU_1958  |7 0  |8 A  |9 214948  |a BIBHIS  |b BIBHIS  |d 2019-11-15  |h v.1  |i 1382667  |o 940.54 CHU 1958  |p 1382667  |r 2025-01-20  |w 2019-11-15  |y BK  |k HIS